[Event "44th Chess Olympiad Women 2022"]
[Site "Chennai"]
[Date "2022.08.03"]
[Round "6.10"]
[White "Paredes Bustamante, Paula Elizab"]
[Black "Antova, Gabriela"]
[Result "1/2-1/2"]
[WhiteElo "2162"]
[BlackElo "2275"]
[Annotator "TA"]
[PlyCount "171"]
[EventDate "2022.07.29"]
[EventType "team-tourn"]
[EventCountry "IND"]
[SourceTitle "playchess.com"]
[Source "ChessBase"]
[SourceQuality "1"]
[WhiteTeam "Peru"]
[BlackTeam "Bulgaria"]
[WhiteTeamCountry "PER"]
[BlackTeamCountry "BUL"]

1. e4 e5 2. Nf3 Nc6 3. Bb5 a6 4. Ba4 d6 5. c3 Bd7 6. d4 g6 7. Bg5 f6 8. Be3 Bg7 9. dxe5 fxe5 10. b4 Nf6 11. Bb3 Qe7 12. Nbd2 Nd8 13. Qe2 Nh5 14. g3 Ne6 15. Qc4 Nf6 16. h3 b5 17. Qd3 O-O 18. a4 Kh8 19. O-O Qe8 20. axb5 axb5 21. Kh2 Qc8 22. Ng1 Re8 23. Ne2 Qb7 24. Rfc1 Bc6 25. Rxa8 Qxa8 26. c4 bxc4 27. Qxc4 Bb7 28. Nc3 c6 29. Qd3 d5 30. Bb6 Ng5 31. h4 Nf7 32. b5 cxb5 33. Nxd5 Nxd5 34. Bxd5 Bxd5 35. Qxd5 Qxd5 36. exd5 Bh6 37. Rc2 Bxd2 38. Rxd2 Nd6 39. Bc7 Nc4 40. Rd3 e4 41. Rb3 Re7 42. d6 Rd7 43. Rxb5 Nxd6 44. Bxd6 Rxd6 45. Re5 Rd4 46. Re7 h5 47. Kg2 Kg8 48. Kf1 Kf8 49. Rb7 Rd2 50. Rb4 Kf7 51. Rxe4 Kf6 52. Rf4+ Kg7 53. Kg2 Ra2 54. Rb4 Kf6 55. Kf3 Rc2 56. Ke3 Ra2 57. f3 Ra5 58. g4 hxg4 59. fxg4 Ra1 60. Rb6+ Kg7 61. Rd6 Ra3+ 62. Ke4 Ra4+ 63. Rd4 Ra5 64. Kf4 Rb5 65. Rc4 Ra5 66. Rc7+ Kf6 67. Rc6+ Kg7 68. Re6 Ra4+ 69. Re4 Ra6 70. Rd4 Kf6 71. Rb4 Ra5 72. Rb6+ Kf7 73. Rd6 Rb5 74. Rd4 Ra5 75. Ke4 Ke6 76. Kf4 Kf7 77. Re4 Kf6 78. Rb4 Kf7 79. Re4 Kf6 80. g5+ Kf7 81. Rb4 Rc5 82. Rb7+ Ke6 83. Rb6+ Kf7 84. Rb7+ Ke6 85. Rb6+ Kf7 86. Rb7+ 1/2-1/2

[Event "44th Chess Olympiad Women 2022"]
[Site "Chennai"]
[Date "2022.08.03"]
[Round "6.12"]
[White "Ordaz Valdes, Lisandra Teresa"]
[Black "Castrillon Gomez, Melissa"]
[Result "1/2-1/2"]
[WhiteElo "2367"]
[BlackElo "2230"]
[Annotator "TA"]
[PlyCount "184"]
[EventDate "2022.07.29"]
[EventType "team-tourn"]
[EventCountry "IND"]
[SourceTitle "playchess.com"]
[Source "ChessBase"]
[SourceQuality "1"]
[WhiteTeam "Cuba"]
[BlackTeam "Colombia"]
[WhiteTeamCountry "CUB"]
[BlackTeamCountry "COL"]

1. d4 Nf6 2. c4 c5 3. d5 b5 4. cxb5 a6 5. bxa6 g6 6. Nc3 Bg7 7. e4 O-O 8. Bc4 Qa5 9. a7 Qxa7 10. Nf3 Ba6 11. Nd2 d6 12. O-O Bxc4 13. Nxc4 Qa6 14. Qe2 Nbd7 15. a4 Rfb8 16. Ra3 Nb6 17. Nb5 Nxc4 18. Qxc4 Ne8 19. Qc2 Qb7 20. Bd2 Qd7 21. Rc1 Rb7 22. Rh3 Nc7 23. Nc3 Rab8 24. Rb1 Rb3 25. a5 Na6 26. Rg3 Be5 27. f4 Bd4+ 28. Kh1 c4 29. Nd1 Rxg3 30. hxg3 Qg4 31. Be3 Bxe3 32. Nxe3 Qxg3 33. Nxc4 Qxf4 34. Kg1 Nc5 35. b4 Nxe4 36. a6 Nf6 37. b5 Ng4 38. g3 Qd4+ 39. Kh1 Qxd5+ 40. Qg2 Qh5+ 41. Kg1 Qc5+ 42. Kh1 Rxb5 43. Rxb5 Qxb5 44. Qa2 Qd5+ 45. Kg1 Qd4+ 46. Kh1 Qa7 47. Qe2 Qxa6 48. Qxg4 Qa1+ 49. Kh2 d5 50. Ne3 Qc3 51. Qe2 e6 52. Ng4 h5 53. Ne5 Kg7 54. Nd3 Qf6 55. Ne5 h4 56. Qe3 hxg3+ 57. Kxg3 g5 58. Nd3 Qe7 59. Kg4 f6 60. Nc5 Kf7 61. Qd4 Kg6 62. Kf3 Qd6 63. Qd3+ f5 64. Qb5 Qf4+ 65. Kg2 Qd2+ 66. Kf1 Qc1+ 67. Kf2 Qc2+ 68. Ke1 Qc3+ 69. Kf2 Qd4+ 70. Kg2 Kh5 71. Qe8+ Kg4 72. Nxe6 Qb2+ 73. Kf1 Kg3 74. Ke1 Qe5+ 75. Kd2 f4 76. Qg6 Qe3+ 77. Kd1 g4 78. Qh6 d4 79. Ng7 Qg1+ 80. Ke2 f3+ 81. Kd3 Qe3+ 82. Qxe3 dxe3 83. Kxe3 f2 84. Nh5+ Kg2 85. Nf4+ Kg1 86. Ne2+ Kf1 87. Ng3+ Kg2 88. Kf4 Kh3 89. Nf1 g3 90. Nxg3 Kg2 91. Kg4 f1=Q 92. Nxf1 Kxf1 1/2-1/2

[Event "44th Chess Olympiad Women 2022"]
[Site "Chennai"]
[Date "2022.08.03"]
[Round "6.12"]
[White "Forgas Moreno, Yaniela"]
[Black "Argote Heredia, Valentina"]
[Result "1-0"]
[WhiteElo "2343"]
[BlackElo "2205"]
[Annotator "TA"]
[PlyCount "152"]
[EventDate "2022.07.29"]
[EventType "team-tourn"]
[EventCountry "IND"]
[SourceTitle "playchess.com"]
[Source "ChessBase"]
[SourceQuality "1"]
[WhiteTeam "Cuba"]
[BlackTeam "Colombia"]
[WhiteTeamCountry "CUB"]
[BlackTeamCountry "COL"]

1. e4 c5 2. Nc3 Nc6 3. Bb5 Nd4 4. Nf3 a6 5. Bd3 g6 6. Nxd4 cxd4 7. Ne2 Bg7 8. f4 d6 9. O-O Nf6 10. Kh1 O-O 11. Qe1 e5 12. fxe5 dxe5 13. b3 b5 14. a4 Bb7 15. Ng3 Bc6 16. axb5 axb5 17. Ba3 Re8 18. Qe2 Qd7 19. Bb4 h5 20. Rxa8 Rxa8 21. Kg1 h4 22. Nh1 Nh5 23. Qe1 Qd8 24. Be2 Nf4 25. Bf3 Ra2 26. Qb1 Ra6 27. Nf2 Ra7 28. Kh1 Rd7 29. Qa2 d3 30. c3 Qb6 31. Qa5 Qb7 32. Ra1 h3 33. g3 Ne6 34. Nxh3 Bxe4 35. Bxe4 Qxe4+ 36. Kg1 Rd8 37. Ng5 Qd5 38. Nxe6 fxe6 39. Qb6 Bh6 40. Qf2 Rd7 41. Rf1 e4 42. Qf6 Kh7 43. Be7 Bg7 44. Qh4+ Kg8 45. Bg5 Rf7 46. Rxf7 Kxf7 47. Qf4+ Kg8 48. b4 Be5 49. Qe3 Bd6 50. Bf6 Qf5 51. Bd4 Be7 52. Qf4 g5 53. Qe5 Kf7 54. Qg7+ Ke8 55. Qh8+ Kd7 56. Qb8 Qd5 57. Qe5 Qxe5 58. Bxe5 Kc6 59. Kf2 Kd5 60. Bc7 g4 61. Bf4 Bd8 62. Be3 Kc4 63. h3 gxh3 64. g4 Bh4+ 65. Kg1 Bg3 66. g5 Be5 67. g6 Bg7 68. Kh2 Kd5 69. Kxh3 e5 70. Kg4 Ke6 71. Kg5 Bf8 72. Bf2 Bg7 73. Bc5 Kd5 74. Kf5 Bh8 75. Be3 Bg7 76. Bg5 Bf8 1-0

[Event "44th Chess Olympiad Women 2022"]
[Site "Chennai"]
[Date "2022.08.03"]
[Round "6.12"]
[White "Chirivi C, Jenny Astrid"]
[Black "Miranda Llanes, Yerisbel"]
[Result "0-1"]
[WhiteElo "2157"]
[BlackElo "2347"]
[Annotator "TA"]
[PlyCount "130"]
[EventDate "2022.07.29"]
[EventType "team-tourn"]
[EventCountry "IND"]
[SourceTitle "playchess.com"]
[Source "ChessBase"]
[SourceQuality "1"]
[WhiteTeam "Colombia"]
[BlackTeam "Cuba"]
[WhiteTeamCountry "COL"]
[BlackTeamCountry "CUB"]

1. d4 Nf6 2. c4 e6 3. Nf3 d5 4. Nc3 Bb4 5. Qa4+ Nc6 6. e3 O-O 7. a3 Bxc3+ 8. bxc3 Ne4 9. Bd3 Nd6 10. cxd5 exd5 11. Qc2 h6 12. O-O Re8 13. a4 b6 14. Ba3 Bb7 15. Nd2 Na5 16. Rfe1 Qg5 17. Nf3 Qf6 18. Ne5 Rad8 19. Rab1 Nc6 20. Nf3 Na5 21. Nd2 Qg5 22. Nf3 Qf6 23. Nd2 Bc8 24. Bxd6 Qxd6 25. e4 dxe4 26. Nxe4 Qd5 27. Ng3 Rxe1+ 28. Rxe1 Be6 29. h3 c5 30. Re5 Qd6 31. Nf5 Bxf5 32. Bxf5 cxd4 33. cxd4 Nc6 34. Re1 Nxd4 35. Qb1 Qf4 36. Bh7+ Kh8 37. Bd3 Ne6 38. Qb5 Qd2 39. Re3 Qc1+ 40. Kh2 Qc7+ 41. g3 Qc5 42. Qb3 Qd4 43. Qb5 Qf6 44. Kg1 g6 45. Qc6 Kg7 46. Rf3 Qe5 47. Re3 Qd4 48. Be2 Rd6 49. Qe8 Ng5 50. h4 Nh7 51. Qb5 Nf6 52. Bf3 h5 53. Kg2 Ng4 54. Re2 Rf6 55. Qb3 Ne5 56. Re3 Nxf3 57. Rxf3 Qe4 58. Qa3 a6 59. Qc3 Qxf3+ 60. Qxf3 Rxf3 61. Kxf3 Kf6 62. Ke4 Ke6 63. f3 f5+ 64. Kd4 Kd6 65. f4 b5 0-1

[Event "44th Chess Olympiad Women 2022"]
[Site "Chennai"]
[Date "2022.08.03"]
[Round "6.13"]
[White "Nandhidhaa, P V"]
[Black "Richards, Heather S"]
[Result "1/2-1/2"]
[WhiteElo "2312"]
[BlackElo "2146"]
[Annotator "TA"]
[PlyCount "166"]
[EventDate "2022.07.29"]
[EventType "team-tourn"]
[EventCountry "IND"]
[SourceTitle "playchess.com"]
[Source "ChessBase"]
[SourceQuality "1"]
[WhiteTeam "India"]
[BlackTeam "Australia"]
[WhiteTeamCountry "IND"]
[BlackTeamCountry "AUS"]

1. e4 e6 2. d4 d5 3. Bd3 dxe4 4. Bxe4 Nf6 5. Bf3 c5 6. Ne2 Nc6 7. Be3 cxd4 8. Nxd4 Ne5 9. O-O Be7 10. Nc3 O-O 11. Qe2 a6 12. Rad1 Qc7 13. Bg5 Nc4 14. Nc6 bxc6 15. Qxc4 Rb8 16. b3 c5 17. a3 Bb7 18. Bf4 e5 19. Bxb7 Rxb7 20. Bg5 Qa5 21. Bxf6 Bxf6 22. Rd6 Rb6 23. Rxb6 Qxb6 24. Na4 Qb5 25. Qxc5 Qe2 26. Nb6 Rd8 27. Nd5 Bg5 28. c4 h5 29. Qa5 h4 30. Qc3 e4 31. Qe5 f6 32. Qe6+ Kh7 33. Nc3 Qb2 34. Qxe4+ Kh8 35. Nd5 Qxb3 36. f4 Bh6 37. Ne7 Qxa3 38. Ng6+ Kg8 39. Ne7+ Kf7 40. Re1 Qd6 41. Nf5 Qd3 42. Nxh6+ gxh6 43. Qe6+ Kg7 44. Qg4+ Kh8 45. Qxh4 Qg6 46. f5 Qg5 47. Qxg5 hxg5 48. Re6 Ra8 49. Rxf6 a5 50. Rb6 a4 51. Rb2 Kg7 52. Kf2 Kf6 53. g4 a3 54. Ra2 Ke5 55. Ke3 Rh8 56. Kd3 Rh3+ 57. Kc2 Kd4 58. Kb1 Kxc4 59. Rg2 Rf3 60. Ka2 Kb4 61. Re2 Rf4 62. Rd2 Ka4 63. h3 Kb4 64. Re2 Ka4 65. Rd2 Kb4 66. Rh2 Ka4 67. Rc2 Kb4 68. Re2 Ka4 69. f6 Kb4 70. f7 Rxf7 71. Re4+ Kc3 72. Re3+ Kb4 73. Rb3+ Kc4 74. Rxa3 Rf2+ 75. Kb1 Rh2 76. Kc1 Kd4 77. Kd1 Ke4 78. Ke1 Kf4 79. Kf1 Rb2 80. Rc3 Ra2 81. Kg1 Rb2 82. Kf1 Rh2 83. Ke1 Ke4 1/2-1/2

[Event "44th Chess Olympiad Women 2022"]
[Site "Chennai"]
[Date "2022.08.03"]
[Round "6.13"]
[White "Vishwa Vasnawala"]
[Black "Nguyen, Thu Giang"]
[Result "1-0"]
[WhiteElo "2305"]
[BlackElo "2119"]
[Annotator "TA"]
[PlyCount "193"]
[EventDate "2022.07.29"]
[EventType "team-tourn"]
[EventCountry "IND"]
[SourceTitle "playchess.com"]
[Source "ChessBase"]
[SourceQuality "1"]
[WhiteTeam "India"]
[BlackTeam "Australia"]
[WhiteTeamCountry "IND"]
[BlackTeamCountry "AUS"]

1. d4 Nf6 2. c4 e6 3. g3 d5 4. Nf3 dxc4 5. Qa4+ Bd7 6. Qxc4 Bc6 7. Bg2 Be7 8. O-O O-O 9. Bf4 b5 10. Qc1 a5 11. Rd1 Qc8 12. Nbd2 Qb7 13. Bg5 Nbd7 14. Qc2 h6 15. Bxf6 Nxf6 16. Rdc1 Ra6 17. Nb3 Nd7 18. Ng5 hxg5 19. Bxc6 Qc8 20. Bxb5 Ra7 21. Qc6 Nf6 22. Nc5 Rd8 23. e3 Nd5 24. Be2 Rd6 25. Qa4 Rb6 26. Qc2 c6 27. a3 Bxc5 28. dxc5 Rb8 29. b3 Qd8 30. Rab1 Qf6 31. e4 Nc7 32. Rd1 Ne8 33. Qc4 Qe5 34. Qd4 Qc7 35. f3 e5 36. Qe3 Qe7 37. Bc4 g6 38. Kg2 Kg7 39. Rd3 Rc7 40. Rd2 Nf6 41. Rd6 g4 42. Rf1 Rh8 43. Qe2 Ne8 44. Rfd1 Qg5 45. R6d3 Nf6 46. Rf1 Re7 47. Kg1 Rh3 48. Qg2 Re8 49. Qd2 Qh5 50. fxg4 Qxg4 51. Qf2 Qg5 52. Rd6 Nxe4 53. Qxf7+ Kh6 54. Rxg6+ Qxg6 55. Qxg6+ Kxg6 56. Bf7+ Kg7 57. Bxe8 Nxc5 58. Rf3 Ne6 59. Bd7 Nd4 60. Re3 Rh8 61. Bg4 Kf6 62. Kg2 Rb8 63. Bd1 Kf5 64. h4 e4 65. Rc3 Rb5 66. Kf2 Ke5 67. a4 Rd5 68. Bg4 c5 69. Bc8 Kd6 70. Ke3 Re5 71. g4 Re7 72. h5 Kd5 73. Ba6 Rg7 74. Kf4 Ne6+ 75. Kg3 Ra7 76. Bc8 Nd4 77. Re3 Nc2 78. Re2 Nd4 79. Re3 Nc2 80. Rc3 Nd4 81. Kf2 Rf7+ 82. Ke1 Nf3+ 83. Ke2 Nd4+ 84. Ke1 Nf3+ 85. Kd1 Kd4 86. Rc4+ Kd5 87. Rc2 Nd4 88. Rc3 Rf1+ 89. Kd2 Rf2+ 90. Ke1 Re2+ 91. Kd1 e3 92. Rd3 Ke4 93. Rxd4+ cxd4 94. Kxe2 d3+ 95. Ke1 e2 96. Bf5+ Ke3 97. Bxd3 1-0

[Event "44th Chess Olympiad Women 2022"]
[Site "Chennai"]
[Date "2022.08.03"]
[Round "6.13"]
[White "Ryjanova, Julia"]
[Black "Karavade, Eesha"]
[Result "1/2-1/2"]
[WhiteElo "2284"]
[BlackElo "2339"]
[Annotator "TA"]
[PlyCount "60"]
[EventDate "2022.07.29"]
[EventType "team-tourn"]
[EventCountry "IND"]
[SourceTitle "playchess.com"]
[Source "ChessBase"]
[SourceQuality "1"]
[WhiteTeam "Australia"]
[BlackTeam "India"]
[WhiteTeamCountry "AUS"]
[BlackTeamCountry "IND"]

1. d4 Nf6 2. c4 e6 3. Nf3 d5 4. g3 dxc4 5. Bg2 c5 6. O-O Nc6 7. dxc5 Qxd1 8. Rxd1 Bxc5 9. Nbd2 c3 10. bxc3 O-O 11. Nb3 Be7 12. Nfd4 Bd7 13. Nxc6 Bxc6 14. Bxc6 bxc6 15. c4 a5 16. Be3 a4 17. Nd4 Rfc8 18. f3 g6 19. Rab1 e5 20. Nc2 Rcb8 21. Kf1 Kf8 22. Bd2 Rxb1 23. Rxb1 Nd7 24. Rb7 Ke8 25. Bc3 Bd6 26. Ke1 Nc5 27. Rb6 Rb8 28. Rxb8+ Bxb8 29. Nb4 Kd7 30. Kd2 f5 1/2-1/2

[Event "44th Chess Olympiad Women 2022"]
[Site "Chennai"]
[Date "2022.08.03"]
[Round "6.13"]
[White "Phan, Nguyen Mai Chi"]
[Black "Sahithi Varshini M"]
[Result "0-1"]
[WhiteElo "2139"]
[BlackElo "2312"]
[Annotator "TA"]
[PlyCount "136"]
[EventDate "2022.07.29"]
[EventType "team-tourn"]
[EventCountry "IND"]
[SourceTitle "playchess.com"]
[Source "ChessBase"]
[SourceQuality "1"]
[WhiteTeam "Australia"]
[BlackTeam "India"]
[WhiteTeamCountry "AUS"]
[BlackTeamCountry "IND"]

1. d4 Nf6 2. Nf3 e6 3. c4 Bb4+ 4. Nbd2 b6 5. g3 Bb7 6. Bg2 O-O 7. O-O d5 8. Ne5 Nbd7 9. cxd5 exd5 10. a3 Bxd2 11. Bxd2 Re8 12. Nxd7 Qxd7 13. Re1 Rac8 14. b4 Ne4 15. Be3 Nd6 16. Rc1 c6 17. Bf4 Nc4 18. Rc3 b5 19. h4 a5 20. Kh2 Ra8 21. Bf3 f5 22. Rg1 Qe7 23. Qb1 Bc8 24. Rb3 Be6 25. Bg5 Qf8 26. Qd3 axb4 27. axb4 Ra4 28. Qc3 Rea8 29. Bf4 Ra2 30. Rd1 Qe8 31. Re1 R8a4 32. Qd3 Qa8 33. Reb1 Ra1 34. Bg2 Rxb1 35. Rxb1 Qf8 36. Qc3 Bf7 37. Bf3 Qe8 38. Qd3 Bh5 39. Bxh5 Qxh5 40. f3 Ra2 41. Kg2 Qe8 42. Kf2 g6 43. Qd1 Qa8 44. Qd3 Qa7 45. Kg2 Kf7 46. h5 Ra1 47. hxg6+ hxg6 48. Rxa1 Qxa1 49. e4 Qb2+ 50. Kh3 dxe4 51. fxe4 Qa3 52. Qxa3 Nxa3 53. exf5 gxf5 54. Bd6 Nc2 55. Bc5 Ke6 56. Kh4 Ne3 57. Kg5 Nd5 58. Bf8 Nc3 59. Bc5 Ne2 60. Kh4 Kd5 61. Kg5 Nxg3 62. Kf4 Ne2+ 63. Kxf5 Nxd4+ 64. Kf6 Nc2 65. Ke7 Kc4 66. Kd6 Nxb4 67. Bg1 Nd3 68. Kxc6 b4 0-1

[Event "44th Chess Olympiad Women 2022"]
[Site "Chennai"]
[Date "2022.08.03"]
[Round "6.14"]
[White "Alboredo, Julia"]
[Black "Repkova, Eva"]
[Result "1/2-1/2"]
[WhiteElo "2264"]
[BlackElo "2303"]
[Annotator "TA"]
[PlyCount "85"]
[EventDate "2022.07.29"]
[EventType "team-tourn"]
[EventCountry "IND"]
[SourceTitle "playchess.com"]
[Source "ChessBase"]
[SourceQuality "1"]
[WhiteTeam "Brazil"]
[BlackTeam "Slovakia"]
[WhiteTeamCountry "BRA"]
[BlackTeamCountry "SVK"]

1. e4 e5 2. Nf3 Nc6 3. Bc4 Nf6 4. d3 Bc5 5. c3 a6 6. a4 Ba7 7. Bg5 h6 8. Bh4 d6 9. Nbd2 Qe7 10. b4 Be6 11. Bxe6 Qxe6 12. O-O g5 13. Bg3 Nh5 14. Nb3 Qg6 15. d4 f6 16. b5 Ne7 17. Qd3 Nf4 18. Bxf4 gxf4 19. Kh1 O-O 20. g3 Qg4 21. Rg1 Kh8 22. Nh4 Rg8 23. Qf3 Qxf3+ 24. Nxf3 fxg3 25. hxg3 axb5 26. axb5 f5 27. exf5 Nxf5 28. g4 Ne7 29. dxe5 Bxf2 30. Rxa8 Rxa8 31. Rg2 Bb6 32. exd6 cxd6 33. Re2 Nd5 34. Re6 Rf8 35. Nbd4 Bxd4 36. Nxd4 Nxc3 37. Rxh6+ Kg8 38. Rxd6 Rf4 39. g5 Rh4+ 40. Kg2 Rg4+ 41. Kf3 Rxg5 42. Rd8+ Kh7 43. Rd7+ 1/2-1/2

[Event "44th Chess Olympiad Women 2022"]
[Site "Chennai"]
[Date "2022.08.03"]
[Round "6.15"]
[White "Urh, Zala"]
[Black "Berke, Ana"]
[Result "0-1"]
[WhiteElo "2321"]
[BlackElo "2163"]
[Annotator "TA"]
[PlyCount "68"]
[EventDate "2022.07.29"]
[EventType "team-tourn"]
[EventCountry "IND"]
[SourceTitle "playchess.com"]
[Source "ChessBase"]
[SourceQuality "1"]
[WhiteTeam "Slovenia"]
[BlackTeam "Croatia"]
[WhiteTeamCountry "SLO"]
[BlackTeamCountry "CRO"]

1. d4 Nf6 2. c4 e6 3. Nc3 Bb4 4. e3 O-O 5. Bd3 d5 6. cxd5 exd5 7. a3 Bd6 8. Qc2 c6 9. Nge2 Re8 10. Bd2 Bg4 11. f3 Bh5 12. O-O-O b5 13. e4 dxe4 14. fxe4 b4 15. axb4 Bxb4 16. e5 Bxc3 17. Bxc3 Nd5 18. Rde1 Bg6 19. Ng3 Na6 20. Bxg6 hxg6 21. Ne4 Rb8 22. Nd6 Rf8 23. Rhf1 Nab4 24. Bxb4 Nxb4 25. Qc4 Qa5 26. Kb1 Nd5 27. Ne4 Rb4 28. Qc5 Qa3 29. Rf2 Rfb8 30. Ree2 Qd3+ 31. Kc1 Rc4+ 32. Qxc4 Qxc4+ 33. Rc2 Qxd4 34. Nd6 Qxe5 0-1

[Event "44th Chess Olympiad Women 2022"]
[Site "Chennai"]
[Date "2022.08.03"]
[Round "6.15"]
[White "Medic, Mirjana"]
[Black "Unuk, Laura"]
[Result "1/2-1/2"]
[WhiteElo "2194"]
[BlackElo "2340"]
[Annotator "TA"]
[PlyCount "87"]
[EventDate "2022.07.29"]
[EventType "team-tourn"]
[EventCountry "IND"]
[SourceTitle "playchess.com"]
[Source "ChessBase"]
[SourceQuality "1"]
[WhiteTeam "Croatia"]
[BlackTeam "Slovenia"]
[WhiteTeamCountry "CRO"]
[BlackTeamCountry "SLO"]

1. d4 Nf6 2. c4 e6 3. Nf3 b6 4. g3 Ba6 5. b3 Bb4+ 6. Bd2 Be7 7. Bg2 d5 8. cxd5 exd5 9. O-O O-O 10. Bf4 Nbd7 11. Nc3 Rc8 12. Ne5 c6 13. Nd3 Re8 14. Re1 Bf8 15. Rc1 Ne4 16. Nxe4 dxe4 17. Ne5 Nxe5 18. dxe5 Bb4 19. Qxd8 Rexd8 20. Red1 Bxe2 21. Rxd8+ Rxd8 22. Bxe4 c5 23. Be3 h6 24. f3 a5 25. Kf2 Bb5 26. Bc2 a4 27. bxa4 Bc4 28. Bb3 Bxb3 29. axb3 Rd3 30. Rb1 Rc3 31. f4 Kf8 32. Kf3 Ke7 33. Ke4 Rc2 34. h3 Rg2 35. Kf3 Rc2 36. g4 f6 37. exf6+ Kxf6 38. Rd1 Ke7 39. Rd3 Rh2 40. Ke4 Ke8 41. f5 Rxh3 42. Rd6 Ba5 43. Rg6 Kf7 44. Rd6 1/2-1/2

[Event "44th Chess Olympiad Women 2022"]
[Site "Chennai"]
[Date "2022.08.03"]
[Round "6.15"]
[White "Radikovic, Anamarija"]
[Black "Janzelj, Lara"]
[Result "1-0"]
[WhiteElo "2099"]
[BlackElo "2215"]
[Annotator "TA"]
[PlyCount "61"]
[EventDate "2022.07.29"]
[EventType "team-tourn"]
[EventCountry "IND"]
[SourceTitle "playchess.com"]
[Source "ChessBase"]
[SourceQuality "1"]
[WhiteTeam "Croatia"]
[BlackTeam "Slovenia"]
[WhiteTeamCountry "CRO"]
[BlackTeamCountry "SLO"]

1. e4 e5 2. Nf3 Nc6 3. Bb5 a6 4. Ba4 Nf6 5. O-O Be7 6. Re1 b5 7. Bb3 d6 8. c3 O-O 9. h3 Bb7 10. d4 Nd7 11. Nbd2 Na5 12. Bc2 c5 13. Nf1 Rc8 14. Ng3 cxd4 15. cxd4 Qc7 16. Nf5 Rfe8 17. Bb3 Nxb3 18. Qxb3 exd4 19. Ng5 Bxg5 20. Bxg5 Bxe4 21. Rxe4 Rxe4 22. Qg3 Re6 23. Bd8 Qc1+ 24. Rxc1 Rxc1+ 25. Kh2 g6 26. Qf4 Rce1 27. Nh6+ Kg7 28. Qxf7+ Kxh6 29. Qxd7 d3 30. Qf7 g5 31. Bf6 1-0

[Event "44th Chess Olympiad Women 2022"]
[Site "Chennai"]
[Date "2022.08.03"]
[Round "6.16"]
[White "Markantonaki, Haritomeni"]
[Black "Wafa, Shahenda"]
[Result "1-0"]
[WhiteElo "2154"]
[BlackElo "2115"]
[Annotator "TA"]
[PlyCount "129"]
[EventDate "2022.07.29"]
[EventType "team-tourn"]
[EventCountry "IND"]
[SourceTitle "playchess.com"]
[Source "ChessBase"]
[SourceQuality "1"]
[WhiteTeam "Greece"]
[BlackTeam "Egypt"]
[WhiteTeamCountry "GRE"]
[BlackTeamCountry "EGY"]

1. e4 c5 2. Nf3 d6 3. d4 cxd4 4. Nxd4 Nf6 5. Nc3 g6 6. Be3 Bg7 7. f3 O-O 8. Qd2 Nc6 9. O-O-O Nxd4 10. Bxd4 Be6 11. Kb1 Qa5 12. Nd5 Qxd2 13. Nxe7+ Kh8 14. Rxd2 Rfe8 15. Bxf6 Bxf6 16. Nd5 Bg5 17. Rd1 Rac8 18. h4 Bh6 19. h5 g5 20. Bb5 Red8 21. Ba4 Rc5 22. Bb3 b5 23. Ne3 Bg7 24. Rd3 Bc4 25. Bxc4 bxc4 26. Ra3 Rb8 27. b3 a5 28. Rd1 cxb3 29. axb3 Be5 30. Rd5 Rxd5 31. Nxd5 Rb5 32. c4 Rc5 33. Kc2 Kg7 34. Kd3 Bg3 35. Ne3 Kf6 36. Nf5 Be5 37. g3 Ke6 38. Ra2 Kd7 39. Rf2 Rc7 40. f4 gxf4 41. gxf4 Bf6 42. Ra2 Rb7 43. Kc2 Bd8 44. Ra1 Ke6 45. Rd1 Rd7 46. Nd4+ Kf6 47. Nc6 Bc7 48. Rd5 Bb6 49. Nxa5 Ke6 50. Nc6 Rc7 51. Nd4+ Bxd4 52. Rxd4 Ra7 53. Kb2 f6 54. b4 Rg7 55. Kb3 Rg3+ 56. Ka4 Rh3 57. b5 Rxh5 58. f5+ Ke5 59. Rd5+ Kxe4 60. b6 Rh1 61. b7 Ra1+ 62. Kb5 h5 63. Kc6 Ra6+ 64. Kb5 Ra1 65. Kb6 1-0

[Event "44th Chess Olympiad Women 2022"]
[Site "Chennai"]
[Date "2022.08.03"]
[Round "6.16"]
[White "Mona, Khaled"]
[Black "Avramidou, Anastasia"]
[Result "1/2-1/2"]
[WhiteElo "2127"]
[BlackElo "2274"]
[Annotator "TA"]
[PlyCount "153"]
[EventDate "2022.07.29"]
[EventType "team-tourn"]
[EventCountry "IND"]
[SourceTitle "playchess.com"]
[Source "ChessBase"]
[SourceQuality "1"]
[WhiteTeam "Egypt"]
[BlackTeam "Greece"]
[WhiteTeamCountry "EGY"]
[BlackTeamCountry "GRE"]

1. d4 Nf6 2. Nf3 g6 3. Bf4 Bg7 4. e3 O-O 5. Be2 d6 6. h3 Nbd7 7. O-O b6 8. c4 Bb7 9. Nc3 Re8 10. Qc2 e5 11. Bh2 exd4 12. exd4 Ne4 13. Nd5 Ndf6 14. Ne3 Qe7 15. Qd3 Bh6 16. Nc2 Ng3 17. fxg3 Qxe2 18. Qxe2 Rxe2 19. Rf2 Rae8 20. d5 Rxf2 21. Kxf2 b5 22. cxb5 Bxd5 23. b3 Ne4+ 24. Kf1 Nc3 25. Nfd4 Bg7 26. a4 Ne4 27. Rd1 Nc5 28. Nb4 Bxb3 29. Nxb3 Nxb3 30. Nd5 Re4 31. Nxc7 Be5 32. a5 Nxa5 33. Bg1 Rb4 34. Bxa7 Nc4 35. Rd5 Bxg3 36. Ke2 Be5 37. Bd4 Bxd4 38. Rxd4 Rb2+ 39. Kf3 Na3 40. Rd5 Kf8 41. Rxd6 Nxb5 42. Nxb5 Rxb5 43. Ra6 Kg7 44. Kg3 Rb4 45. Kf3 h5 46. Rc6 g5 47. Ra6 f6 48. g4 Rb3+ 49. Kg2 Rb2+ 50. Kf3 h4 51. Ra3 Kf7 52. Ke4 Rf2 53. Rb3 Kg6 54. Kd5 Re2 55. Kd4 Re6 56. Kd5 Ra6 57. Ke4 Kf7 58. Kd5 f5 59. gxf5 Kf6 60. Ke4 Ra4+ 61. Kf3 Kxf5 62. Rb5+ Kg6 63. Kg2 Ra2+ 64. Kg1 Re2 65. Ra5 Kf6 66. Ra8 Kf5 67. Rf8+ Ke4 68. Kh1 Rd2 69. Rf7 Rd3 70. Kg2 Rg3+ 71. Kh2 Kd3 72. Rf5 Ke3 73. Ra5 Kd4 74. Ra4+ Ke5 75. Ra5+ Kd4 76. Ra4+ Ke5 77. Ra5+ 1/2-1/2

[Event "44th Chess Olympiad Women 2022"]
[Site "Chennai"]
[Date "2022.08.03"]
[Round "6.17"]
[White "Munkhzul, Turmunkh"]
[Black "Stanford, Sheila Barth"]
[Result "1/2-1/2"]
[WhiteElo "2277"]
[BlackElo "2097"]
[Annotator "TA"]
[PlyCount "124"]
[EventDate "2022.07.29"]
[EventType "team-tourn"]
[EventCountry "IND"]
[SourceTitle "playchess.com"]
[Source "ChessBase"]
[SourceQuality "1"]
[WhiteTeam "Mongolia"]
[BlackTeam "Norway"]
[WhiteTeamCountry "MGL"]
[BlackTeamCountry "NOR"]

1. e4 c5 2. Nf3 e6 3. d4 cxd4 4. Nxd4 Nc6 5. Nc3 Qc7 6. Be3 a6 7. Qd2 Nf6 8. O-O-O Be7 9. f3 b5 10. g4 Nxd4 11. Bxd4 Bb7 12. g5 Nh5 13. Be5 Qxe5 14. Qxd7+ Kf8 15. Qxb7 Bxg5+ 16. Kb1 Qb8 17. Rd7 Qxb7 18. Rxb7 Bf6 19. a4 Bxc3 20. bxc3 bxa4 21. Bxa6 g5 22. Bb5 Kg7 23. Rg1 h6 24. c4 Rhb8 25. Rxb8 Rxb8 26. Ka2 Nf4 27. Re1 Ng6 28. Ka3 Ne5 29. Rf1 Rc8 30. Kb4 a3 31. c5 a2 32. Ra1 Rb8 33. c4 Nd3+ 34. Kc3 Nxc5 35. Rxa2 Kf6 36. Ra7 g4 37. fxg4 Nxe4+ 38. Kd4 Nd2 39. h3 Rd8+ 40. Ke3 Nb3 41. Rc7 h5 42. Ba4 Nd4 43. c5 hxg4 44. hxg4 Ra8 45. Bd7 Ke5 46. c6 Ra3+ 47. Kd2 Kd6 48. Rc8 Ra6 49. Rf8 Nxc6 50. Bxc6 Rxc6 51. Rxf7 Rc4 52. Rg7 Ke5 53. Kd3 Ra4 54. Rg6 Ra3+ 55. Ke2 Kf4 56. Kf2 e5 57. Rf6+ Kxg4 58. Ke2 Ra4 59. Ke3 Rf4 60. Rxf4+ exf4+ 61. Kf2 f3 62. Kf1 Kg3 1/2-1/2

[Event "44th Chess Olympiad Women 2022"]
[Site "Chennai"]
[Date "2022.08.03"]
[Round "6.17"]
[White "Machlik, Edit"]
[Black "Bayarmaa, Bayarjargal"]
[Result "1-0"]
[WhiteElo "2084"]
[BlackElo "2171"]
[Annotator "TA"]
[PlyCount "73"]
[EventDate "2022.07.29"]
[EventType "team-tourn"]
[EventCountry "IND"]
[SourceTitle "playchess.com"]
[Source "ChessBase"]
[SourceQuality "1"]
[WhiteTeam "Norway"]
[BlackTeam "Mongolia"]
[WhiteTeamCountry "NOR"]
[BlackTeamCountry "MGL"]

1. d4 Nf6 2. c4 g6 3. g3 Bg7 4. Bg2 d6 5. Nc3 O-O 6. Nf3 Bg4 7. h3 Bf5 8. Nh4 Bc8 9. O-O Nc6 10. Nf3 a6 11. Qd3 Nd7 12. e4 Rb8 13. d5 Nde5 14. Nxe5 Nxe5 15. Qe2 c5 16. a4 Qa5 17. f4 Nd7 18. Bd2 Qc7 19. Kh2 Re8 20. Rae1 b6 21. Nd1 b5 22. axb5 axb5 23. Bc3 Bxc3 24. Nxc3 bxc4 25. e5 Rb4 26. e6 Nf6 27. f5 fxe6 28. fxe6 Qb8 29. Rf2 Bb7 30. Ref1 Kg7 31. g4 Qa8 32. Qd2 Ba6 33. g5 Nh5 34. Bf3 Qb8 35. Bxh5 gxh5 36. Qc2 Kg8 37. Kg1 1-0